|
|
|
|
| LEADER |
00000naa2a2200000 4500 |
| 001 |
252289 |
| 005 |
20231031213900.0 |
| 035 |
|
|
|a (RuTPU)RU\TPU\book\274620
|
| 035 |
|
|
|a RU\TPU\book\274619
|
| 090 |
|
|
|a 252289
|
| 100 |
|
|
|a 20140228d2012 k y0engy50 ba
|
| 101 |
0 |
|
|a eng
|
| 102 |
|
|
|a RU
|
| 200 |
1 |
|
|a Ceramic pigments based on the dicalcium silicate
|f M. B. Sedelnikova, N. V. Liseenko, V. M. Pogrebenkov
|
| 225 |
1 |
|
|a Section 1. Chemical engineering and "Green technology"
|
| 320 |
|
|
|a References: p. 25 (9 tit.)
|
| 330 |
|
|
|a The possibility of ceramic pigments synthesis using industrial waste is studied. These raw materials will lower production costs of ceramic pigments. The synthesized pigments can be recommended for obtaining on-glaze ceramic paints and volume coloring of ceramic pastes in the manufacture of construction materials.
|
| 461 |
|
0 |
|0 (RuTPU)RU\TPU\book\270770
|t IFOST 2012
|o The 7th International Forum on Strategic Techology, September 17-21, 2012, Tomsk
|f National Research Tomsk Polytechnic University (TPU)
|d 2012
|
| 463 |
|
0 |
|0 (RuTPU)RU\TPU\book\269458
|t Vol. 1
|v P. 22-25
|d 2012
|p 809 p.
|
| 610 |
1 |
|
|a кристаллические структуры
|
| 610 |
1 |
|
|a керамические пигменты
|
| 610 |
1 |
|
|a силикаты
|
| 610 |
1 |
|
|a промышленные отходы
|
| 610 |
1 |
|
|a труды учёных ТПУ
|
| 700 |
|
1 |
|a Sedelnikova
|b M. B.
|c Chemical Engineer
|c Associate Professor of Tomsk Polytechnic University, Candidate of technical sciences
|f 1967-
|g Mariya Borisovna
|2 stltpush
|3 (RuTPU)RU\TPU\pers\31922
|
| 701 |
|
1 |
|a Liseenko
|b N. V.
|c Chemical-technologist
|c Engineer of Tomsk Polytechnic University, Candidate of technical sciences
|f 1984-
|g Natalya Vladimirovna
|2 stltpush
|3 (RuTPU)RU\TPU\pers\31923
|
| 701 |
|
1 |
|a Pogrebenkov
|b V. M.
|c Chemical Engineer
|c Professor of Tomsk Polytechnic University, Doctor of technical sciences
|f 1954-
|g Valeriy Matveevich
|2 stltpush
|3 (RuTPU)RU\TPU\pers\31924
|
| 801 |
|
1 |
|a RU
|b 63413507
|c 20121128
|
| 801 |
|
2 |
|a RU
|b 63413507
|c 20140312
|g RCR
|
| 942 |
|
|
|c BK
|